Managing for performance (Record no. 217339)

MARC details
000 -LEADER
fixed length control field 00352nam a2200145Ia 4500
008 - FIXED-LENGTH DATA ELEMENTS--GENERAL INFORMATION
fixed length control field 230917s9999||||xx |||||||||||||| ||und||
040 ## - CATALOGING SOURCE
-- 74089
Original cataloging agency VIVEKANANDA LIBRARY
041 ## - Language
-- English
082 ## - DDC NUMBER
Classification number 658.4 I1M
100 ## - MAIN ENTRY--PERSONAL NAME
Personal name Ivancevich, John M
245 #0 - TITLE STATEMENT
Title Managing for performance
260 ## - PUBLICATION, DISTRIBUTION, ETC. (IMPRINT)
Place of publication, distribution, etc Dallas
Name of publisher, distributor, etc Business
Date of publication, distribution, etc 1980
300 ## - PHYSICAL DESCRIPTION
Pages xviii, 563 p.
942 ## - ADDED ENTRY ELEMENTS (KOHA)
Koha item type Books
Holdings
Withdrawn status Lost status Damaged status Not for loan Location (home branch) Sublocation or collection (holding branch) Shelving location Date acquired Koha issues (times borrowed) Koha full call number Accession No. Koha date last seen Koha item type
        VIVEKANANDA LIBRARY VIVEKANANDA LIBRARY IMSAR Library 20/02/2003   658.4 I1M 81820 17/09/2023 Books
© Designed and Maintained by Vivekananda Library, MDU Rohtak